Spanish Antonyms - Statistics

General Stats
  • This quiz has been taken 19,653 times
    19,648 since last reset
  • The average score is 12 of 20
Answer Stats
English Word Antonym % Correct
White / black Blanco Negro
94%
Day / night Día Noche
87%
Cold / hot Frío Caliente
85%
Easy / difficult Fácil Difícil
85%
Small / big Pequeño Grande
85%
Man / woman Hombre Mujer
79%
Major / minor Mayor Menor
66%
North / south Norte Sur
66%
Never / always Nunca Siempre
64%
Right / left Derecha Izquierda
62%
Winter / summer Invierno Verano
57%
Young / old Joven Anciano
55%
Above / below Arriba Abajo
51%
Public / private Público Privado
51%
Antonym / synonym Antónimo Sinónimo
51%
Expensive / cheap Caro Barato
44%
Friend / enemy Amigo Enemigo
44%
Love / hate Amor Odio
44%
Long / short Largo Corto
39%
Strong / weak Fuerte Débil
37%
No matching quizzes found
Score Distribution
Percent of People with Each Score
Percentile by Number Answered
Your Score History
You have not taken this quiz since the last reset